[Event "London Golders Green op U1900 4th"]
[Site "London"]
[Date "2014.08.25"]
[Round "6"]
[White "Ruane, Brendan J"]
[Black "Clegg, Chris RA"]
[Result "1-0"]
[WhiteElo "1833"]
[BlackElo "1767"]
[PlyCount "63"]
[EventDate "2014.08.23"]
[EventType "swiss"]
[EventRounds "6"]
[EventCountry "ENG"]
[SourceTitle "EXT 2018"]
[Source "ChessBase"]
[SourceDate "2017.10.13"]
[SourceVersion "1"]
[SourceVersionDate "2017.10.13"]
[SourceQuality "1"]

1. e4 e6 2. d4 d5 3. e5 c5 4. c3 Nc6 5. Nf3 Qb6 6. Be2 cxd4 7. cxd4 Bb4+ 8. Nc3 Nh6 9. 0-0 Nf5 10. Na4 Qc7 11. a3 Ba5 12. b4 Bb6 13. Bb2 Bd7 14. Rc1 Qd8 15. Nc5 Bxc5 16. Rxc5 Rc8 17. Bd3 Nfe7 18. Bb1 h6 19. h3 b6 20. Rc1 Nb8 21. Bd3 Rxc1 22. Qxc1 Nc8 23. b5 Ne7 24. a4 Qc8 25. Qd2 Qb7 26. Ba3 a5 27. Rc1 Nc8 28. Qf4 Ne7 29. Qh4 g5 30. Nxg5 Ng6 31. Bxg6 fxg6 32. Ne4 1-0

[Event "London Golders Green op U1900 4th"]
[Site "London"]
[Date "2014.08.24"]
[Round "4"]
[White "Clegg, Chris RA"]
[Black "Jacob, Sydney J"]
[Result "1/2-1/2"]
[WhiteElo "1767"]
[BlackElo "1880"]
[PlyCount "98"]
[EventDate "2014.08.23"]
[EventType "swiss"]
[EventRounds "6"]
[EventCountry "ENG"]
[SourceTitle "EXT 2018"]
[Source "ChessBase"]
[SourceDate "2017.10.13"]
[SourceVersion "1"]
[SourceVersionDate "2017.10.13"]
[SourceQuality "1"]

1. e4 e6 2. d4 d5 3. Nd2 c5 4. exd5 Qxd5 5. Ngf3 cxd4 6. Bc4 Qd6 7. Qe2 Nf6 8. 0-0 Be7 9. Nb3 Nc6 10. Rd1 0-0 11. c3 a6 12. Nbxd4 Qc7 13. Nxc6 Qxc6 14. Ne5 Qe4 15. Qxe4 Nxe4 16. Be3 f6 17. Nf3 Kh8 18. Nd4 e5 19. Ne6 Bxe6 20. Bxe6 Rad8 21. Bd5 Nd6 22. Bc5 b5 23. a4 Nf5 24. Bxe7 Nxe7 25. Bb3 Nc6 26. axb5 axb5 27. Kf1 Rxd1+ 28. Rxd1 Na5 29. Bd5 g6 30. Ke2 Nc4 31. b3 Nb6 32. Bc6 Rc8 33. Rd6 Kg7 34. Bxb5 Na8 35. Rc6 Rd8 36. Bc4 Rd7 37. b4 Nc7 38. b5 Nd5 39. Bxd5 Rxd5 40. c4 Rd7 41. b6 Kf7 42. Rc7 Ke7 43. Rxd7+ Kxd7 44. c5 Kc6 45. Ke3 f5 46. f4 e4 47. g4 Kb7 48. g5 Kc6 49. Kd4 Kb7 1/2-1/2

[Event "London Golders Green op U1900 3rd"]
[Site "London"]
[Date "2014.05.05"]
[Round "6"]
[White "Clegg, Chris RA"]
[Black "Mandnikar, Atreya"]
[Result "1-0"]
[WhiteElo "1786"]
[BlackElo "1540"]
[PlyCount "107"]
[EventDate "2014.05.03"]
[EventType "swiss"]
[EventRounds "6"]
[EventCountry "ENG"]
[SourceTitle "EXT 2018"]
[Source "ChessBase"]
[SourceDate "2017.10.13"]
[SourceVersion "1"]
[SourceVersionDate "2017.10.13"]
[SourceQuality "1"]

1. e4 c5 2. Nc3 e6 3. g3 b6 4. Bg2 Bb7 5. d3 d6 6. Nge2 a6 7. 0-0 Nf6 8. f4 Nbd7 9. Re1 Be7 10. e5 Nd5 11. Nxd5 Bxd5 12. Bxd5 exd5 13. exd6 Bxd6 14. Nc3+ Kf8 15. Nxd5 Nf6 16. Qf3 Rb8 17. Nxf6 Qxf6 18. c3 Rg8 19. Re3 g6 20. Bd2 c4 21. d4 Kg7 22. Rae1 Rgc8 23. Qd5 b5 24. a3 Kg8 25. Kg2 Bf8 26. Qe5 Bg7 27. Qxf6 Bxf6 28. Re4 Rd8 29. Kf3 Kg7 30. g4 Rd7 31. Re8 Rxe8 32. Rxe8 Bd8 33. Ke4 f6 34. Re6 a5 35. f5 g5 36. d5 Bc7 37. h3 Bd6 38. Be3 Bc7 39. Bd4 Bd8 40. d6 Rb7 41. Kd5 Kf7 42. Kc6 Rb8 43. Ba7 Ra8 44. Kb7 Rxa7+ 45. Kxa7 h6 46. Ka6 b4 47. axb4 axb4 48. cxb4 Kf8 49. b5 Kf7 50. b6 Kf8 51. b7 Kf7 52. b8Q c3 53. Qxd8 cxb2 54. Re7# 1-0

[Event "London Golders Green op U1900 3rd"]
[Site "London"]
[Date "2014.05.04"]
[Round "4"]
[White "O'Gorman, Brendan"]
[Black "Clegg, Chris RA"]
[Result "0-1"]
[WhiteElo "1842"]
[BlackElo "1786"]
[PlyCount "58"]
[EventDate "2014.05.03"]
[EventType "swiss"]
[EventRounds "6"]
[EventCountry "ENG"]
[SourceTitle "EXT 2018"]
[Source "ChessBase"]
[SourceDate "2017.10.13"]
[SourceVersion "1"]
[SourceVersionDate "2017.10.13"]
[SourceQuality "1"]

1. c4 e5 2. e3 Nc6 3. Nc3 g6 4. d4 d6 5. Nf3 Bg7 6. Be2 f5 7. 0-0 e4 8. Nd2 Nf6 9. b4 0-0 10. Rb1 Ne7 11. Qb3 Be6 12. d5 Bf7 13. f3 exf3 14. Nxf3 c6 15. dxc6 bxc6 16. Ng5 h6 17. Nxf7 Rxf7 18. Bf3 Rc8 19. e4 fxe4 20. Bxe4 Rf8 21. Bf3 Kh7 22. Be3 Rc7 23. Rbd1 Rd7 24. Rd2 Nf5 25. Bf2 Qc7 26. Rfd1 h5 27. Qc2 Ng4 28. Bxg4 hxg4 29. Qe4 Bxc3 0-1

[Event "London Classic op-B U2000 5th"]
[Site "London"]
[Date "2013.12.15"]
[Round "5"]
[White "Gardner, James"]
[Black "Clegg, Chris RA"]
[Result "0-1"]
[WhiteElo "1856"]
[BlackElo "1828"]
[PlyCount "70"]
[EventDate "2013.12.13"]
[EventType "swiss"]
[EventRounds "5"]
[EventCountry "ENG"]
[SourceTitle "EXT 2016"]
[Source "ChessBase"]
[SourceDate "2015.10.08"]
[SourceVersion "1"]
[SourceVersionDate "2015.10.08"]
[SourceQuality "1"]

1. d4 e6 2. c4 Nf6 3. Nc3 Bb4 4. Qc2 d5 5. cxd5 exd5 6. Bg5 c6 7. e3 h6 8. Bh4 Nbd7 9. Bd3 Qa5 10. Nge2 0-0 11. 0-0 g5 12. Bg3 Nh5 13. f3 Nxg3 14. Nxg3 Nf6 15. Kh1 Be6 16. Rae1 Bd6 17. e4 Bxg3 18. hxg3 Nh5 19. Qf2 Qc7 20. e5 f5 21. f4 g4 22. Rc1 Qe7 23. Na4 Kf7 24. Rc3 Ng7 25. Nc5 Rh8 26. b4 h5 27. b5 h4 28. gxh4 Rxh4+ 29. Kg1 Rah8 30. Qe3 Rh1+ 31. Kf2 Qh4+ 32. g3 Qh2+ 33. Ke1 Qb2 34. Rc2 Rxf1+ 35. Kxf1 Qa1+ 0-1

[Event "London Classic op-B U2000 5th"]
[Site "London"]
[Date "2013.12.14"]
[Round "3"]
[White "Kelly, Paul J"]
[Black "Clegg, Chris RA"]
[Result "0-1"]
[WhiteElo "1951"]
[BlackElo "1828"]
[PlyCount "112"]
[EventDate "2013.12.13"]
[EventType "swiss"]
[EventRounds "5"]
[EventCountry "ENG"]
[SourceTitle "EXT 2016"]
[Source "ChessBase"]
[SourceDate "2015.10.08"]
[SourceVersion "1"]
[SourceVersionDate "2015.10.08"]
[SourceQuality "1"]

1. e4 e6 2. d4 d5 3. Nc3 Nf6 4. e5 Nfd7 5. f4 c5 6. Nf3 Nc6 7. Be3 a6 8. Qd2 c4 9. Ne2 b5 10. c3 Nb6 11. g3 Be7 12. h4 h6 13. Bh3 Bd7 14. 0-0 Qc7 15. Nh2 0-0-0 16. f5 exf5 17. Bxf5 Nb8 18. Bxd7+ Rxd7 19. Rxf7 Bg5 20. Rxd7 Bxe3+ 21. Qxe3 Qxd7 22. Qf3 Qe7 23. Rf1 N8d7 24. Qf7 Kd8 25. Qxe7+ Kxe7 26. Nf4 Nf8 27. h5 Rg8 28. Ng6+ Nxg6 29. hxg6 Rf8 30. Rxf8 Kxf8 31. b3 a5 32. bxc4 bxc4 33. Ng4 Na4 34. Kf2 Nxc3 35. a3 Nb5 36. Ne3 Nxa3 37. Nxd5 Nc2 38. Nb6 Nxd4 39. Nxc4 a4 40. Ke3 Nb5 41. Kd2 a3 42. Kc2 Ke7 43. Kb3 Ke6 44. Ne3 Kxe5 45. Ng4+ Kf5 46. Nxh6+ Kxg6 47. Ng4 Kf5 48. Nf2 Ke5 49. Ka2 Kd4 50. Nh3 Ke3 51. Nf4 Kf3 52. Kb3 g5 53. Nd3 Kxg3 54. Ne1 g4 55. Kc4 a2 56. Nc2 Na3+ 0-1

[Event "Coulsdon Autumn-B"]
[Site "Coulsdon"]
[Date "2009.08.26"]
[Round "5"]
[White "Foster, James C"]
[Black "Clegg, Chris RA"]
[Result "1-0"]
[WhiteElo "1976"]
[BlackElo "1939"]
[PlyCount "113"]
[EventDate "2009.08.22"]
[EventType "tourn"]
[EventRounds "9"]
[EventCountry "ENG"]
[SourceTitle "CBM 132 Extra"]
[Source "ChessBase"]
[SourceDate "2009.11.03"]
[SourceVersion "1"]
[SourceVersionDate "2009.11.03"]
[SourceQuality "1"]

1. e4 e6 2. d4 d5 3. exd5 exd5 4. c4 Nf6 5. Nc3 Be7 6. Bd3 0-0 7. Nge2 Nc6 8. cxd5 Nxd5 9. 0-0 Bf6 10. Be4 Nce7 11. Ng3 g6 12. Nh5 Bh8 13. Bh6 Re8 14. Ng3 c6 15. Re1 Be6 16. Qd2 Qd7 17. Bf3 Nf5 18. Nxf5 Bxf5 19. Nxd5 cxd5 20. Rxe8+ Rxe8 21. Rc1 b6 22. h3 Be6 23. Bd1 Rc8 24. Rc3 Rxc3 25. bxc3 Bg7 26. Bxg7 Kxg7 27. Bb3 h6 28. h4 Qe7 29. g3 Qc7 30. Kg2 h5 31. Qe3 Qd6 32. Qe5+ Qxe5 33. dxe5 f6 34. f4 Kf7 35. Kf3 fxe5 36. fxe5 Bg4+ 37. Kf4 Ke6 38. Bc2 Bf5 39. Bd1 b5 40. a4 a6 41. axb5 axb5 42. Be2 Ke7 43. Bxb5 Bc2 44. Bc6 Ke6 45. Bb7 Bb3 46. Bc8+ Ke7 47. Ba6 Ke6 48. Bd3 Kf7 49. Kg5 Ke6 50. Kxg6 Bd1 51. Kg5 Kxe5 52. Bg6 Be2 53. Bxh5 Bxh5 54. Kxh5 Ke4 55. g4 Kd3 56. g5 Kxc3 57. g6 1-0

[Event "Sutton op"]
[Site "Sutton"]
[Date "1999.??.??"]
[Round "1"]
[White "Wall, Tim"]
[Black "Clegg, Chris RA"]
[Result "1-0"]
[WhiteElo "2351"]
[BlackElo "2095"]
[PlyCount "97"]
[EventDate "1999.??.??"]
[EventType "swiss"]
[EventRounds "7"]
[EventCountry "ENG"]
[SourceTitle "EXT 2000"]
[Source "ChessBase"]
[SourceDate "1999.11.16"]
[SourceVersion "1"]
[SourceVersionDate "1999.11.16"]
[SourceQuality "1"]

1. b3 e5 2. Bb2 Nc6 3. e3 g6 4. f4 Bg7 5. Nf3 d6 6. Bb5 Bd7 7. 0-0 Nge7 8. fxe5 dxe5 9. Bc4 0-0 10. Ng5 Be8 11. Nc3 Na5 12. Be2 Nf5 13. Nge4 Bd7 14. b4 Nc6 15. b5 Nce7 16. a4 c6 17. Ba3 b6 18. bxc6 Bxc6 19. Bc4 Rc8 20. Qe2 Qd7 21. Bb3 h5 22. Rf2 Qb7 23. Nd6 Nxd6 24. Bxd6 Rcd8 25. Ba3 Bd7 26. Raf1 Be6 27. Bxe6 fxe6 28. Qc4 Qd7 29. Ne4 Rxf2 30. Rxf2 Nd5 31. Ng5 Bf6 32. Nf3 Kh7 33. Qe4 Qc7 34. c4 Ne7 35. Bxe7 Qxe7 36. Nxe5 Qg7 37. Nc6 Re8 38. Nxa7 Bg5 39. Nb5 Qa1+ 40. Rf1 Qxa4 41. Rf7+ Kh6 42. h4 Bd8 43. Qf4+ g5 44. Qe4 Qa1+ 45. Kh2 gxh4 46. Rh7+ Kg5 47. Qf4+ Kg6 48. Qf7+ Kg5 49. Rxh5+ 1-0